|
|
|
|
| LEADER |
00000nab a2200000uu 4500 |
| 001 |
vtls011448398 |
| 003 |
SK-MaSNL |
| 005 |
20260303151345.0 |
| 008 |
230222|1976 xo |||||||||||||||||slo| |
| 015 |
|
|
|a SNBRB
|
| 035 |
|
|
|a (urnnbn)urn:nbn:sk:snk:ar-005eq6
|
| 035 |
|
|
|a (uuid)19fd4afa-abee-4a96-9d6a-c8e32f164260
|
| 035 |
|
|
|a urn:nbn:sk:snk-abcl1x
|
| 040 |
|
|
|a SNKBUCL
|b slo
|c SNKBUCL
|e AACR2
|
| 041 |
0 |
|
|a slo
|
| 044 |
|
|
|a xo
|c SK
|
| 100 |
1 |
|
|a Hill, Timotej
|4 aut
|9 633838
|
| 245 |
1 |
0 |
|a Ďalší rozvoj spolupráce socialistických krajín v oblasti normalizácie
|c Timotej Hill
|
| 773 |
0 |
|
|t Technická práca : časopis Ústřední rady Čs. vědecko-technické společnosti
|g Roč. 28, č. 8 (1976), s. 16-18
|
| 954 |
|
|
|a odborná, vedecká literatúra pôvodná (slovenská)
|2 lita
|
| 958 |
|
|
|a OND
|
| 958 |
|
|
|a EUIPO
|
| 958 |
|
|
|a article16
|
| 999 |
|
|
|c 2017291
|d 2019221
|